000 00342nam a22001217a 4500
008 260505b |||||||| |||| 00| 0 eng d
020 _a9789384208233
082 _a001679
245 _aDictionary of Ayurveda:Vol 5
260 _aBangalore
_bUniversity of Trans-Disciplinary Health Sciences and Technology
_c2022
300 _a800p
942 _2ddc
999 _c1428
_d1428